Statistiche per Fiumi nella Storia

Clicka qui per fare il quiz!

Statistiche generali

  • Questo quiz è stato fatto 590 volte
  • Il punteggio medio è 12 su 20

Statistiche sulle risposte

HintRisposta% Corretto
Due fiumi che scorrevano attraverso l'antica regione della MesopotamiaEufrate
94%
Due fiumi che scorrevano attraverso l'antica regione della MesopotamiaTigri
94%
Le inondazioni annuali di questo fiume cessarono con il completamento della diga di Assuan negli anni '60Nilo
90%
Conosciuta sia come la culla della civiltà cinese che come "Il dolore della Cina" a causa delle sue numerose inondazioni
Giallo
84%
La cattedrale di Notre Dame è costruita su un'isola in questo fiumeSenna
84%
Due fiumi che tradizionalmente formavano il confine europeo dell'Impero RomanoDanubio
81%
Nelle storie di Mark Twain, Tom Sawyer ha navigato lungo questo fiumeMississippi
77%
Cesare sfidò il Senato attraversando questo fiume che segnava il confine del territorio di RomaRubicone
76%
Due fiumi che tradizionalmente formavano il confine europeo dell'Impero Romano
Reno
71%
Fiume in cui Gesù fu battezzatoGiordano
69%
Fiume vicino al quale fu combattuta la battaglia di StalingradoVolga
68%
Durante la Prima Guerra Mondiale, dopo la disfatta di Caporetto, le truppe italiane si attestarono lungo la linea del fronte di questo fiume
Piave
67%
Sito della prima civiltà del subcontinente indianoIndo
50%
Henry Morton Stanley è stato il primo europeo a esplorare il bacino di questo importante fiumeCongo
47%
I delfini di questo fiume asiatico sono stati visti per l'ultima volta nel 2002Yangtze
45%
Fiume nella Repubblica Democratica del Congo da cui prende il nome una spaventosa febbre emorragicaEbola
41%
I prigionieri di guerra britannici costruirono un ponte vicino ad esso durante la prigionia giapponeseKhwae Noi
27%
Circa 1 milione di uomini furono feriti o uccisi durante la battaglia di questo fiume francese nel 1916Somme
27%
Dove è stato gettato il corpo di RasputinNeva
22%
George Washington attraversò questo fiume per lanciare un attacco a sorpresa a Trenton nel 1776Delaware
19%

Distribuzione punteggi

Percentile per numero di risposta

Percentuale di utenti per punteggio

I tuoi punteggi nel tempo

Non hai fatto questo quiz